000 02412nam a2200433 c 4500
003 BLK
005 20240731163026.0
008 180409b bul|||||r ||||||| ||bul||
010 _aKNG00101531000
020 _a978-954-01-2485-8
_bиздат.: Просвета
040 _aBLK
041 _aBUL
_cBUL
072 7 _2bullib
_aН372
_xУчебни предмети. Учебници Н
080 _aБългарски език в основното училище. Методика на обучението
_b373.3.016:811.163.2
_x(072)
_z373.3.016:811.163.2(072)
080 _aЛитературна дейност. Редактиране. Култура на речта. Стилистика. Литературна техника
_b808
_x(072)
_z808(072)
100 1 _aВълкова, Станка Костадинова
_eпърви автор
_9370371
700 1 _aВълкова-Чурлина, Станка Костадинова
_e*
_9368477
700 1 _aВасилева, Бонка Димитрова
_eсъавт.
_9306871
139 _aВълкова-Чурлина, Станка Костадинова
_bВ 93
245 1 0 _aСъчинение описание
_bТехника за писане и технологии за обучение на учениците в часовете по бълг. език и лит.
_cСтанка Костадинова Вълкова; * Станка Костадинова Вълкова-Чурлина; съавт. Бонка Димитрова Василева.
257 _aBGR
260 София
_bПросвета
_c2010
_fСофия : ПК Д. Благоев
300 _a63 с.
_c24 см
380 _a3
500 _aПълното име на авт. е Станка Костадинова Вълкова-Чурлина. - Библиогр. с. 62.
650 4 _aБългарски език - методика на преподаването
_9262798
650 4 _aСъчинение и преразказ
_9262069
653 _aбългарски език
653 _aсъчинение
653 _aметодика на преподаването
653 _aучебни помагала
659 _aН
852 _aЦб 251144
856 4 _qpdf
_u
856 4 _qpdf
_u
942 _cKNG
_n0
_01
944 _aCR
_c15.03.2011
_lЦветелина Шанова
_k30531
944 _aED
_c19.03.2013
_lф /
_k
999 _c96631
_d96631